000 01118cam a2200325 i 4500
008
020 _a9780323390224 (paperback)
040 _aNUST
_cNUST
049 _aMAIN
090 0 0 _aRT41
_bCON
245 0 0 _aContemporary nursing :
_bissues, trends, & management /
_c[edited by ]Cherry Barbara and Jacob Susan R.
250 _aSeventh edition.
264 1 _aSt. Louis, Missouri :
_bElsevier,
_c2017
300 _axviii, 516 pages :
_bcolor illustrations ;
_c24 cm
336 _atext
_btxt
_2rdacontent
337 _aunmediated
_bn
_2rdamedia
338 _avolume
_bnc
_2rdacarrier
504 _aIncludes bibliographical references.
500 _aIncludes index.
520 _aResource added for the Nursing-Associate Degree 105431, Practical Nursing 315431, and Nursing Assistant 305431 programs.
650 0 _aNursing
_zUnited States.
650 1 2 _aNursing.
650 2 2 _aNursing Care.
650 2 2 _aNurse's Role.
700 _aJacob Susan R.
907 _a.b10401994
_b25-11-21
_c10-05-21
003
005 20230120204256.0
942 _cBOOKS
_kRT41
_mCON
999 _c120276
_d120276